[Event "AUTO-OPEN-158"]
[Site "http://www.queenalice.com/game.php?id=32864"]
[Date "2005.10.12"]
[Round "1"]
[White "larxs05"]
[Black "edukapaz"]
[Result "0-1"]
[WhiteElo "1145"]
[BlackElo "1435"]

1. d4 d5 2. c4 dxc4 3. e4 e6 4. Bxc4 Ne7 5. Nc3 Bd7 6. f4 a6 7. a4 Ng6 8. Nf3
Bd6 9. e5 Bb4 10. O-O c5 11. Be3 Nc6 12. dxc5 Qa5 13. Qc2 Bxc5 0-1

[Event "AUTO-OPEN-158"]
[Site "http://www.queenalice.com/game.php?id=32865"]
[Date "2005.10.12"]
[Round "1"]
[White "edukapaz"]
[Black "larxs05"]
[Result "1-0"]
[WhiteElo "1439"]
[BlackElo "1141"]

1. e4 c5 2. Qf3 d6 3. Bc4 Nf6 4. d3 Nc6 5. d4 Nxd4 6. Qc3 b5 7. Bd5 Nxd5 8. exd5
e5 9. Nh3 Bxh3 10. gxh3 Qf6 11. Be3 b4 12. Qc4 a6 13. Bxd4 exd4 14. Qe2+ 1-0

[Event "AUTO-OPEN-158"]
[Site "http://www.queenalice.com/game.php?id=32886"]
[Date "2005.10.12"]
[Round "1"]
[White "RIVAS"]
[Black "edukapaz"]
[Result "1-0"]
[WhiteElo "1685"]
[BlackElo "1428"]

1. e4 e5 2. f4 exf4 3. Nf3 Qe7 4. Qe2 Nf6 5. Nc3 d6 6. d3 Bg4 7. Bxf4 g5 8. Bxg5
h6 9. Bh4 Nbd7 10. h3 Bxf3 11. Qxf3 Bg7 12. Nd5 Ne5 13. Qf2 Nxd3+ 14. cxd3 Qe5
15. Bxf6 Bxf6 16. Qxf6 Qxf6 17. Nxf6+ Ke7 18. Nd5+ Kd7 19. O-O-O c6 20. Nc3 b5
21. Be2 Kc7 22. Rhf1 Raf8 23. Bh5 b4 24. Ne2 Rhg8 25. g4 Rg5 26. Rxf7+ Rxf7 27.
Bxf7 Rg7 28. Rf1 h5 29. Bxh5 c5 30. Rf7+ Rxf7 31. Bxf7 a5 32. g5 a4 33. g6 1-0

[Event "AUTO-OPEN-158"]
[Site "http://www.queenalice.com/game.php?id=32887"]
[Date "2005.10.12"]
[Round "1"]
[White "edukapaz"]
[Black "RIVAS"]
[Result "0-1"]
[WhiteElo "1422"]
[BlackElo "1691"]

1. Nc3 e5 2. e4 Nc6 3. Bc4 Nf6 4. Nd5 Nxe4 5. Qh5 g6 6. Qg4 Nf6 7. Nxf6+ Qxf6 8.
Nh3 d5 9. Qg5 Qxg5 10. Nxg5 dxc4 11. c3 Bg7 12. d4 O-O 13. O-O exd4 14. cxd4
Nxd4 15. Bd2 Bf5 16. Nf3 Nxf3+ 17. gxf3 Bxb2 18. Rae1 c3 19. Be3 Bd3 20. Bc5
Rfc8 21. Be3 Bxf1 22. Kxf1 Rd8 23. Re2 Rd1+ 24. Kg2 Bc1 25. Rc2 Bxe3 26. Rxc3
Bb6 27. Rc2 Rad8 28. Re2 R1d2 29. Re1 Rxf2+ 30. Kg3 Rdd2 31. Re8+ Kg7 32. a3
Rxh2 33. Re4 h5 0-1

[Event "AUTO-OPEN-158"]
[Site "http://www.queenalice.com/game.php?id=32898"]
[Date "2005.10.12"]
[Round "1"]
[White "alexsoncini"]
[Black "edukapaz"]
[Result "1-0"]
[WhiteElo "1873"]
[BlackElo "1449"]

1. e4 Nf6 2. d3 e5 3. f4 Bd6 4. fxe5 Bxe5 5. Nf3 Ng4 6. Qe2 Nh6 7. Nxe5 f6 8.
Bxh6 fxe5 9. Bxg7 Rg8 10. Qh5+ Ke7 11. Qh4+ Kf7 12. Qxd8 Rxd8 13. Bxe5 Nc6 14.
Bxc7 Re8 15. Be2 Rg8 16. O-O+ Ke7 17. e5 Nd4 18. Bd6+ Ke6 19. Bd1 Nf5 20. Rxf5
Kxf5 21. Bf3 Ke6 22. c4 Kf7 23. Bd5+ Kg7 24. Bxg8 Kxg8 25. Nd2 b6 26. Rf1 Kg7
27. Rf8 a5 28. g4 Bb7 29. Rxa8 Bxa8 30. Bc7 1-0

[Event "AUTO-OPEN-158"]
[Site "http://www.queenalice.com/game.php?id=32899"]
[Date "2005.10.12"]
[Round "1"]
[White "edukapaz"]
[Black "alexsoncini"]
[Result "0-1"]
[WhiteElo "1447"]
[BlackElo "1875"]

1. e4 e6 2. d4 b6 3. Qf3 Bb7 4. d5 exd5 5. exd5 Nf6 6. Nc3 Bb4 7. Bd2 Qe7+ 8.
Be2 Bxc3 9. Bxc3 O-O 10. Qe3 Qxe3 11. fxe3 Bxd5 12. Nf3 Nc6 13. Rd1 Be6 14. Ng5
Rad8 15. Bd3 h6 16. Nxe6 fxe6 17. Rf1 d6 18. Rf3 Nd5 19. Bd4 Nxd4 20. exd4 Rxf3
21. gxf3 Rf8 22. Be4 Nf4 23. Kd2 g5 24. h4 d5 25. hxg5 dxe4 26. gxh6 Kh7 0-1

[Event "AUTO-ADV-91"]
[Site "http://www.queenalice.com/game.php?id=32959"]
[Date "2005.10.13"]
[Round "1"]
[White "edukapaz"]
[Black "jordanou"]
[Result "0-1"]
[WhiteElo "1449"]
[BlackElo "1397"]

1. e4 e5 2. Bc4 Nf6 3. d4 exd4 4. e5 Ne4 5. Qf3 d5 6. Bb5+ c6 7. Ba4 b5 8. Bb3
Qe7 9. Nd2 Nxd2 10. Bxd2 Qxe5+ 11. Ne2 h5 12. Bf4 Qe7 13. Rd1 Bg4 14. Qd3 g5 15.
f3 Bc8 16. Qxd4 f6 17. Rd3 gxf4 18. Qxf4 Bh6 19. Qd4 Ba6 20. Re3 Bxe3 21. Qd3 b4
22. Qg6+ Kd7 23. Qf5+ Kd6 24. Nf4 Bxf4+ 25. Kf2 Qe3# 0-1

[Event "AUTO-ADV-91"]
[Site "http://www.queenalice.com/game.php?id=32960"]
[Date "2005.10.13"]
[Round "1"]
[White "jordanou"]
[Black "edukapaz"]
[Result "1-0"]
[WhiteElo "1430"]
[BlackElo "1417"]

1. e4 Nf6 2. Nc3 e5 3. Nf3 Nc6 4. Bb5 a6 5. Ba4 b5 6. Bb3 Ng4 7. h3 Nf6 8. d3
Bd6 9. Ng5 Qe7 10. Bxf7+ Kf8 11. Bh5 b4 12. Nd5 Nxd5 13. exd5 Nd8 14. Qf3+ Qf6
15. Qxf6+ gxf6 16. Ne4 Be7 17. Bh6+ Kg8 18. O-O Nf7 19. Bxf7+ Kxf7 20. c4 d6 21.
a3 b3 22. Rae1 f5 23. Nd2 f4 24. f3 Bh4 25. Re2 Rg8 26. Nxb3 Bxh3 27. Kh2 Rg3
28. gxh3 Rag8 29. c5 e4 30. dxe4 Bg5 31. Bxg5 R8xg5 32. cxd6 1-0

[Event "AUTO-ADV-91"]
[Site "http://www.queenalice.com/game.php?id=32961"]
[Date "2005.10.13"]
[Round "1"]
[White "edukapaz"]
[Black "butchbristol54"]
[Result "0-1"]
[WhiteElo "1402"]
[BlackElo "1474"]

1. e3 d5 2. d4 Nf6 3. Nc3 e6 4. Bb5+ c6 5. Ba4 Bb4 6. Qf3 Bxc3+ 7. bxc3 Nbd7 8.
Nh3 Qa5 9. Bd2 Qxa4 10. Kd1 Nb6 11. Nf4 Nc4 12. Bc1 Ne4 13. Nd3 Qa5 14. Nb2
Nxc3+ 15. Ke1 Ne4+ 16. Kd1 Nxb2+ 17. Ke2 Qb5+ 18. Ke1 Qb4+ 19. Kf1 Qc4+ 20. Qe2
Qxe2+ 21. Kxe2 Nc4 22. f3 Nf6 23. g4 O-O 24. h3 e5 25. g5 Nd7 26. dxe5 Ndxe5 27.
f4 Ng6 0-1

[Event "AUTO-ADV-91"]
[Site "http://www.queenalice.com/game.php?id=32962"]
[Date "2005.10.13"]
[Round "1"]
[White "butchbristol54"]
[Black "edukapaz"]
[Result "1-0"]
[WhiteElo "1443"]
[BlackElo "1417"]

1. e4 Nf6 2. Nc3 e5 3. Nf3 Nc6 4. a3 Bc5 5. h3 Ng8 6. d3 d6 7. Nd5 Nd4 8. Nxd4
Bxd4 9. c3 Bb6 10. Nxb6 cxb6 11. Be2 Qf6 12. Be3 Qg6 13. Bg4 Nf6 14. Bxc8 Rxc8
15. Qa4+ Nd7 16. g4 Qf6 17. O-O-O Rd8 18. g5 Qe6 19. Qc4 Qxc4 20. dxc4 O-O 21.
Rxd6 Rfe8 22. Rhd1 a6 23. Bxb6 g6 24. Bxd8 Rxd8 25. Rxd7 Rxd7 26. Rxd7 b6 27.
Ra7 1-0

[Event "AUTO-ADV-91"]
[Site "http://www.queenalice.com/game.php?id=32963"]
[Date "2005.10.13"]
[Round "1"]
[White "edukapaz"]
[Black "gniark"]
[Result "1-0"]
[WhiteElo "1441"]
[BlackElo "1511"]

1. e4 e6 2. d3 d5 3. exd5 exd5 4. g3 Qf6 5. Qe2+ Be6 6. Nf3 Be7 7. Bg5 Qg6 8.
Qe3 Nd7 9. h4 Bxg5 10. Nxg5 Ne7 11. Nxe6 fxe6 12. h5 Qg4 13. Bh3 Qxh5 14. g4 Qh4
15. Qxe6 Rf8 16. Qe2 O-O-O 17. Bg2 Qg5 18. Rh5 Qg6 19. Qxe7 Rde8 20. Re5 Rxe7
21. Rxe7 Re8 22. Rxe8+ Qxe8+ 23. Kd1 Nf6 24. g5 Ng4 25. Bh3 Qh5 26. Bxg4+ Qxg4+
27. Kc1 Qxg5+ 28. Nd2 Qg1+ 29. Nf1 Qxf1+ 30. Kd2 Qxa1 31. b3 h5 32. c4 dxc4 33.
bxc4 Qxa2+ 34. Ke3 g5 35. f4 gxf4+ 36. Kxf4 Qg2 37. c5 h4 38. d4 1-0

[Event "AUTO-ADV-91"]
[Site "http://www.queenalice.com/game.php?id=32964"]
[Date "2005.10.13"]
[Round "1"]
[White "gniark"]
[Black "edukapaz"]
[Result "0-1"]
[WhiteElo "1531"]
[BlackElo "1421"]

1. d4 d5 2. c4 Qd6 3. cxd5 Qb4+ 4. Nc3 Nf6 5. a3 Qd6 6. e4 Bg4 7. Qa4+ Bd7 8.
Qc4 c6 9. Nf3 b5 10. Qc5 Qc7 11. dxc6 Bxc6 12. d5 e6 13. Nxb5 Kd8 14. Nxc7 Bxc5
15. Nxa8 Bxa8 16. Bg5 Nd7 17. Bb5 h6 18. Bh4 exd5 19. exd5 Re8+ 20. Kd1 g5 21.
Bg3 Bxd5 22. Ne5 Bxg2 23. Bxd7 Re7 24. Rg1 Be4 25. Nc6+ Kxd7 26. Nxe7 Kxe7 27.
Re1 Bd4 28. Rb1 Kf8 29. Bd6+ Kg7 30. Rc1 Bf3+ 31. Kc2 Ne4 32. Bb4 Bxf2 33. Rf1
h5 34. Kb1 Be2 35. Rxf2 Nxf2 36. Rc7 Ng4 37. Bd6 Bd3+ 38. Ka1 Nxh2 0-1

[Event "Invitation"]
[Site "http://www.queenalice.com/game.php?id=36155"]
[Date "2005.11.2"]
[Round "-"]
[White "edukapaz"]
[Black "Edgar"]
[Result "0-1"]
[WhiteElo "1446"]
[BlackElo "1624"]

1. Nf3 e6 2. Nc3 d5 3. Nb5 a6 4. Nbd4 c5 5. Nb3 c4 6. Nbd4 Nf6 7. c3 Ne4 8. d3
cxd3 9. Qxd3 f6 10. c4 Nc5 11. Qe3 Ne4 12. cxd5 Qxd5 13. Nd2 Bb4 14. Kd1 f5 15.
a3 Bc5 16. N2b3 Nc6 17. f3 Nf6 18. Nxc5 Qxc5 19. Nb3 Qd5+ 20. Bd2 O-O 21. g3 Ng4
22. Qg1 Qxb3+ 23. Kc1 Rd8 24. fxg4 Nd4 25. Qe3 Qc2# 0-1

[Event "Challenge"]
[Site "http://www.queenalice.com/game.php?id=491514"]
[Date "2008.11.11"]
[Round "-"]
[White "charles"]
[Black "edukapaz"]
[Result "1-0"]
[WhiteElo "1813"]
[BlackElo "1334"]

1. e4 e5 2. Nf3 d6 3. Nc3 Nf6 4. Bc4 Ng4 5. d3 Be7 6. h3 Qd7 7. hxg4 Qxg4 8. g3
Nc6 9. Bb5 h5 10. Nd5 Bd8 11. Bg5 f6 12. Rh4 Qe6 13. Be3 f5 14. Rh1 fxe4 15.
dxe4 Qg4 16. Qd3 Qxf3 17. Rh2 a6 18. Bxc6+ bxc6 19. Nc3 a5 20. Ne2 Ba6 21. c4
Rb8 22. b3 Rb4 23. Ng1 Qg4 24. Rd1 a4 25. Bd2 Rb6 26. Ba5 d5 27. Bxb6 cxb6 28.
exd5 b5 29. dxc6 bxc4 30. Qxd8+ Kf7 31. Qxh8 Qe4+ 32. Ne2 cxb3 33. Qxh5+ g6 34.
Qh7+ Kf6 35. f3 Qb4+ 36. Kf1 bxa2 37. Qh4+ Qxh4 38. Rxh4 Bb5 39. c7 Ba6 40. Rxa4
1-0

[Event "Challenge"]
[Site "http://www.queenalice.com/game.php?id=556422"]
[Date "2009.3.15"]
[Round "-"]
[White "Saru"]
[Black "edukapaz"]
[Result "1-0"]
[WhiteElo "1463"]
[BlackElo "1332"]

1. Nf3 Nf6 2. d4 e6 3. Bd2 h6 4. Ne5 Ne4 5. Be3 d6 6. Nc4 b5 7. Nca3 d5 8. Nxb5
c6 9. N5c3 Bb4 10. f3 Nxc3 11. bxc3 1-0